| 000 | 00648cam a22002175a 4500 | ||
|---|---|---|---|
| 001 | 13711399 | ||
| 005 | 20180129035420.0 | ||
| 008 | 040907r2004 njua b 000 0 eng | ||
| 010 | _a 2004558060 | ||
| 040 |
_aDLC _cDLC |
||
| 041 | _aeng | ||
| 080 | _a658.45 FER | ||
| 082 | 0 | 4 |
_a658.45 FER _219 |
| 100 | _a53 | ||
| 101 | _aMEN | ||
| 245 | 0 | 0 |
_aOrganizational communication / _cedited by Sherry Devereaux Ferguson and Stewart Ferguson. |
| 504 | _aIncludes bibliographical references. | ||
| 906 |
_a7 _bcbc _corigcop _d3 _encip _f20 _gy-gencatlg |
||
| 942 |
_2ddc _cBK |
||
| 999 |
_c41123 _d41123 |
||